| 000 | 00416nam a2200157Ia 4500 | ||
|---|---|---|---|
| 008 | 230312s9999||||xx |||||||||||||| ||und|| | ||
| 020 | _a0071436006 | ||
| 082 |
_a387.742 _bSHE-B |
||
| 100 | _aSheehan;John.J | ||
| 245 | 0 | _aBusiness and Corporate Aviation Management-1 | |
| 260 |
_bMcGraw Hill _aUSA _c2003 |
||
| 300 | _a4.57 | ||
| 546 | _aEng. | ||
| 650 |
_aAviation _vBusiness and corporate Management |
||
| 942 | _cBK | ||
| 999 |
_c6672 _d6672 |
||